000 00478nam a2200157Ia 4500
008 210716s1991 xx 000 0 und d
020 _a0201276003
041 _aeng
082 _a511.2 FICR
100 _aEicholz, Robert E; Odaffer, Phares G; Charles, Randall I; Young, Sharon L; Barnett, Carne S.
245 _aAddison wesley mathematics.
250 _a1
260 _aNew York
_bAddison wesley Publishing Company
_c1991
300 _axiv,546
650 _aMathematics(510)
999 _c202220
_d202220